Woman organizing change (Record no. 3362)

MARC details
000 -LEADER
fixed length control field 00437nam a22001697a 4500
003 - CONTROL NUMBER IDENTIFIER
control field URS
005 - DATE AND TIME OF LATEST TRANSACTION
control field 20220114142454.0
008 - FIXED-LENGTH DATA ELEMENTS--GENERAL INFORMATION
fixed length control field 191118s2001 a|||| |||| 00| 0 eng d
020 ## - INTERNATIONAL STANDARD BOOK NUMBER
International Standard Book Number 9958958686
040 ## - CATALOGING SOURCE
Language of cataloging eng
Transcribing agency URS
Modifying agency rda
050 14 - LIBRARY OF CONGRESS CALL NUMBER
Classification number HQ 1075
Item number .C665 2001
100 ## - MAIN ENTRY--PERSONAL NAME
Personal name Cockburn, Cynthia
245 10 - TITLE STATEMENT
Title Woman organizing change
Statement of responsibility, etc. Cynthia Cockburn
260 ## - PUBLICATION, DISTRIBUTION, ETC.
Date of publication, distribution, etc. [2001]
300 ## - PHYSICAL DESCRIPTION
Extent 192 pages
Other physical details with illustrations
Dimensions 23 cm
942 ## - ADDED ENTRY ELEMENTS (KOHA)
Source of classification or shelving scheme Library of Congress Classification
Koha item type Foreign Books
Holdings
Withdrawn status Source of classification or shelving scheme Damaged status Not for loan Collection code Home library Current library Shelving location Date acquired Total Checkouts Full call number Barcode Date last seen Price effective from Koha item type
  Library of Congress Classification     Non-fiction Cainta College Library Cainta College Library On Display 11/18/2019   HQ 1075.C665 2001 URSCAI-4467 11/04/2016 11/04/2016 Foreign Books

University of Rizal System
Email us at univlibservices@urs.edu.ph

Visit our Website www.urs.edu.ph/library